|
|
|
|
| LEADER |
00859nam a2200277 4500 |
| 001 |
DLU090093241 |
| 005 |
##20091201 |
| 040 |
# |
# |
|a DLU
|b eng
|
| 041 |
# |
# |
|a eng
|
| 044 |
# |
# |
|a jp
|
| 100 |
# |
# |
|a Garcke, Harald.
|
| 245 |
# |
# |
|a The degenerate multi-phase Stefan problem with Gibbs-Thomson law /
|c Harald Garcke, Thomas Sturzenhecker.
|
| 653 |
# |
# |
|a Gibbs-Thomson law
|
| 653 |
# |
# |
|a Mullins-Sekerka evolution
|
| 653 |
# |
# |
|a Stefan problem
|
| 700 |
# |
# |
|a Sturzenhecker, Thomas.
|
| 773 |
# |
# |
|t Advances in Mathematical Sciences and Applications
|g Vol. 8, no. 2 (1998), p. 929-941
|
| 920 |
# |
# |
|a Phòng Tạp chí -- Trung tâm Thông tin - Thư viện Trường Đại học Đà Lạt
|
| 994 |
# |
# |
|a DLU
|
| 900 |
# |
# |
|a True
|
| 911 |
# |
# |
|a Trương Bảo Trâm Anh
|
| 925 |
# |
# |
|a G
|
| 926 |
# |
# |
|a A
|
| 927 |
# |
# |
|a BB
|
| 980 |
# |
# |
|a Thư viện Trường Đại học Đà Lạt
|